000 00367nam a22001217a 4500
999 _c654
_d654
005 20200817115145.0
008 200817b ||||| |||| 00| 0 eng d
020 _a3877
040 _cCML
245 _aWild Life in an African Territory.
_cDaring , F.F.
260 _aGreat Britain
_bButler and Tanner Ltd
_c1960
942 _2ddc
_cBK
_e1st Edition
_h333
_mDAR